000 00769nam a22002417a 4500
005 20170124105912.0
010 _aA-727960
020 _a8185689423
_c00.00
035 _aA-727960
037 _bCen Lib/Ret
040 _aDPL
_bEN
082 _a020.3
100 _aRamaiah, L.S.
_9970
245 _aA dictionary of library and information science quotations /
_cby L.S. Ramaiah [and] Mohamed Taher
260 _aNew Delhi
_bAditya Parkashan
_c1993
270 _aF-14/65, Model Town II
_bDelhi
_e110009
300 _axvi,394p.
_c22cm(Hb)
500 _aIncludes index
650 _aLibrary Science
_vDictionary
_9971
650 _aQuotations-Library Science
_vDictionary
_9972
700 _aTaher, Mohamed
_9104584
942 _2ddc
_cEN
_h020.3
_mRAM
999 _c122581
_d122581